| 000 | 01708cam a22004214i 4500 | ||
|---|---|---|---|
| 003 | PE-LiUPU | ||
| 005 | 20250731175639.0 | ||
| 008 | 150706s r 000 0 d | ||
| 020 | _a0582429668 | ||
| 035 | _a(Sirsi) i9780582429666 | ||
| 040 |
_aPE-LiUPU _bspa _cPE-LiUPU _erda |
||
| 049 | _aPRUA | ||
| 082 | 0 | 4 |
_a428.07 _bHT V _221 |
| 100 | 1 |
_aThornbury, Scott, _eautor. |
|
| 245 | 1 | 0 |
_aHow to teach vocabulary / _cScott Thornbury. |
| 264 | 1 |
_aHarlow : _bLongman, _c2002. |
|
| 300 |
_a185 páginas : _bilustraciones ; _c25 cm. |
||
| 336 |
_atext _2rdacontent |
||
| 337 |
_aunmediated _2rdamedia |
||
| 338 |
_avolume _2rdacarrier |
||
| 490 | 0 | _aHow to . | |
| 505 | 0 | _aWhat's in a word? -- How words are learned -- Classroom sources of words -- Texts, dictionaries and corpora -- How to present vocabulary -- How to put words to work -- Teaching word parts and word chunks -- How to test vocabulary -- How to train good vacabulary learners. | |
| 526 | _aP145 | ||
| 526 | _aP127 | ||
| 526 | _aP97 | ||
| 526 | _aP35 | ||
| 526 | _aP14 | ||
| 526 | _aP07 | ||
| 541 | _g002-0042777; | ||
| 650 | 0 | 4 |
_aInglés _xEstudio y enseñanza. |
| 700 | 1 |
_aHarmer, Jeremy, _eed. |
|
| 910 |
_bjv _clchd20110724 |
||
| 942 |
_2ddc _cBOOK |
||
| 949 |
_a428.07 HT V _wDEWEY _c1 _i63219 _lCCODEBUL1 _mBUL _p28.00 _r0 _sY _tBOOK _u2015-7-6 _xEDUCACION _PP20 _o.STAFF. Colección General |
||
| 994 |
_aC0 _bPEPRU |
||
| 596 | _a1 | ||
| 999 |
_a428.07 HT V _wDEWEY _c52217 _i63219 _d52217 _e2019-6-6 _f2021-11-8 _g5 _lCCODEBUL1 _mBUL _n5 _p28.00 _q1 _r0 _sY _tBOOK _u2015-7-6 _xEDUCACION _PP20 _0COMPRA _o.STAFF. Colección General |
||
| 980 |
_81 _gALBERTO SANCHEZ Responsable de Automatización |
||